000 01088nas a2200349 4500
001 BR2016004045
003 BR-BrBNA
005 20231205130621.0
007 ta
008 230509b bl.|||p| |||| 00| 00por d
040 _aBR-BrBNA
_bpor
_cBiblioteca Nacional de Agricultura
041 _a(En)
072 _aL51
100 1 _aHan, J.
100 1 _aWang, J.
100 1 _aChen, G.
100 1 _aQu, H.
100 1 _aZhang, J.
100 1 _aShi, C.
100 1 _aYan, Y.
100 1 _aCheng, Y.
245 1 _aEffects of calcium to non-phytate phosphorus ratio and different sources of vitamin D on growth performance and bone mineralization in broiler chickens
650 _aFRANGO DE CORTE
650 _aFISIOLOGIA ANIMAL
650 _aCRESCIMENTO
650 _aCÁLCIO
650 _aVITAMINA D
773 0 _tRevista Brasileira de Zootecnia (Brazil)
_xISSN 1806-9290
_g(Jan 2016), v. 45(1) p. 1-7
_wBR2016004045
856 4 0 _uhttp://www.scielo.br/pdf/rbz/v45n1/1516-3598-rbz-45-01-00001.pdf
909 _a202311
_bLúcia
_c55
_dLúcia Elande
942 _2AGRIS
_n0
_cANA
999 _c250364
_d250364